书目信息 |
| 题名: |
Pro/ENGINEER Wildfire 2.0产品设计实例详解
|
|
| 作者: | 李翔鹏 编著 | |
| 分册: | ||
| 出版信息: | 北京 中国铁道出版社 2006 |
|
| 页数: | 380页 | |
| 开本: | 26cm | |
| 丛书名: | 创意设计实例详解系列丛书 | |
| 单 册: | ||
| 中图分类: | TB472-39 | |
| 科图分类: | ||
| 主题词: | 工业产品--计算机辅助设计--应用软件 , 计算机辅助设计 , 工业产品 | |
| 电子资源: | ||
| ISBN: | 7-113-06948-7(含光盘) | |
| 000 | 01205nam0 2200313 450 | |
| 000 | 01211nam0 2200313 450 | |
| 000 | 01140nam0 2200289 450 | |
| 000 | 01104nam0 2200277 45 | |
| 005 | 20070515145748.15 | |
| 010 | @a7-113-06948-7(含光盘)@dCNY42.00 | |
| 100 | @a20070407d2006 em y0chiy0120 ea | |
| 101 | 0 | @achi |
| 102 | @aCN@b110000 | |
| 105 | @aa z 000yy | |
| 200 | 1 | @aPro/ENGINEER Wildfire 2.0产品设计实例详解@APro/ENGINEER Wildfire 2.0 Chan Pin She Ji Shi Li Xiang Jie@f李翔鹏等编著 @FLi Xiang Peng Deng Bian Zhu |
| 210 | @a北京@c中国铁道出版社@d2006 | |
| 215 | @a380页@c图@d26cm@e光盘1片 | |
| 225 | 2 | @a创意设计实例详解系列丛书 |
| 307 | @a附光盘:ISBN 7-900144-26-9 | |
| 330 | @a本书以Pro/ENGINEER Wildfire 2.0的知识要点为主线,全书分为经典作品赏析、基础知识、实例设计与制作3个部分。其中实例设计与制作部分详细介绍了创意设计和制作的方法,以及产品的制作过程等。 | |
| 410 | 0 | @12001 @a创意设计实例详解系列丛书 |
| 606 | 0 | @a工业产品@x计算机辅助设计@x应用软件 |
| 606 | 0 | @a计算机辅助设计 |
| 606 | 0 | @a工业产品 |
| 610 | 1 | @aPro/E Wildfire |
| 690 | @aTB472-39@v4 | |
| 701 | 0 | @a李翔鹏@ALi Xiang Peng@4编著 |
| 801 | 0 | @aCN@bTAOJIN@c20070515 |
| 905 | @a10447@dTB472-39@e147 | |
| Pro/ENGINEER Wildfire 2.0产品设计实例详解/李翔鹏等编著 .-北京:中国铁道出版社,2006 |
| 380页:图;26cm+光盘1片.-(创意设计实例详解系列丛书) |
| ISBN 7-113-06948-7(含光盘):CNY42.00 |
| 本书以Pro/ENGINEER Wildfire 2.0的知识要点为主线,全书分为经典作品赏析、基础知识、实例设计与制作3个部分。其中实例设计与制作部分详细介绍了创意设计和制作的方法,以及产品的制作过程等。 |
| ● |
| 相关链接 |
|
|
|
|
正题名:Pro/ENGINEER Wildfire 2.0产品设计实例详解
索取号:TB472-39/147
 
预约/预借
| 序号 | 登录号 | 条形码 | 馆藏地/架位号 | 状态 | 备注 |
| 1 | 0520376 | 205203769 | 第二样本阅览室/ [索取号:TB472-39/147] | 在馆 | |
| 2 | 0520377 | 205203778 | 第三借阅区/ [索取号:TB472-39/147] | 在馆 | |
| 3 | 0520378 | 205203787 | 第三借阅区/ [索取号:TB472-39/147] | 在馆 |